000 00468nam a22001577a 4500
003 OSt
005 20151101154103.0
008 151101b xxu||||| |||| 00| 0 eng d
040 _cRUA
082 _aFOR លិ 1991 B116 Or.1
100 _93155
_aលិ វុឌ្ឍី
245 _aរៀបចំការដ្ឋានៅរុក្ខដ្ឋានសៀមប៉ាង
260 _aPhnom Penh
_bRUA
_c1991
300 _a64p.
_bill.
_c29cm.
942 _2ddc
_cFOR
999 _c2943
_d2943